000
00285nam a22001337a 4500
008
181218b xxu||||| |||| 00| 0 eng d
020
_a
0316285463
041
_a
eng
080
_a
616.5
100
_a
7
101
_a
DER
245
_a
Clear Skin
_c
Flandermeyer, K.L
942
_2
udc
_c
BK
999
_c
53392
_d
53392